Music Quiz

Random Music or Clickable Quiz
Score 0/30 Timer 05:00
18 Plays Today
% Correct
Gotta
91.5%
Gurls
91.1%
Nite
90.5%
O'
90.5%
4
88.9%
Gangsta's
88.6%
Herre
87.1%
U
86.6%
2
85.1%
Boi
84%
Gypsys
83.2%
Noize
81.5%
Wit
80.3%
Da
79.6%
Know
77.6%
% Correct
Telefone
74.4%
R
72.7%
Ta
72.3%
Whatcha
71.7%
Muzik
71.7%
Whataya
69.8%
Dat
68.1%
Ya
67.1%
Ur
65.5%
Pon
62.5%
Of
57.4%
Mak'er
54.9%
Ayer
51%
Mice
45.7%
Yer
31.1%
Remove Ads.
Support Sporcle.
Get the best of Sporcle when you Go Orange. This ad-free experience offers more features, more stats, and more fun while also helping to support Sporcle. Thank you for becoming a member.

You're not logged in!

Compare scores with friends on all Sporcle quizzes.
OR
Log In

Show Comments

Extras

Top Quizzes Today


Score Distribution

Your Account Isn't Verified!

In order to create a playlist on Sporcle, you need to verify the email address you used during registration. Go to your Sporcle Settings to finish the process.

Report this User

Report this user for behavior that violates our Community Guidelines.

Details: